| 000 | 00751nam a2200241 a 4500 | ||
|---|---|---|---|
| 001 | 64461 | ||
| 003 | BD-RjUL | ||
| 005 | 20211209081319.0 | ||
| 008 | 170215s1980 enka b 000 0 eng d | ||
| 020 | _a071463168X | ||
| 035 | _a(BD-RjUL)64591 | ||
| 040 |
_aBD-RjUL _cBD-RjUL _dBD-RjUL _beng |
||
| 041 | _aeng | ||
| 082 | 0 | 0 |
_a962 _223 _bMOD 1980 |
| 245 | 0 | 0 |
_aModern Egypt : _bstudies in politics and society / _cedited by Elie Kedourie and Sylvia G. Haim. |
| 260 |
_aLondon ; _aTotowa, N.J. : _bF. Cass, _c1980. |
||
| 300 |
_a133 p. : _bill. ; _c22 cm. |
||
| 504 | _aIncludes bibliographical references. | ||
| 651 | 0 |
_aEgypt _xHistory _y1798- . _9191238 |
|
| 700 | 1 |
_aKedourie, Elie. _9183093 |
|
| 700 | 1 |
_aKedourie, Sylvia. _9191239 |
|
| 942 |
_2ddc _cBK |
||
| 999 |
_c64461 _d64461 |
||